000 00445nam a22001577a 4500
003 OSt
005 20251103090526.0
008 251103b |||||||| |||| 00| 0 eng d
022 _a0040-5639
100 _aChristopher R. Matthews
245 _aHEIL,JOHN PAUL: The Gospel of Matthew:
_bWorship in the Kingdom
260 _aUSA,
_bSages Publications;
_c2018
300 _aP.224
440 _aTheological Studies
_nNo.1
_vVol.79
942 _2lcc
_cART
999 _c205031
_d204991